Guías prácticas de mejoramiento continuo para el desarrollo de la Farmacia de la Clínica Dr. Carlos Durán Cartín
में बचाया:
| मुख्य लेखक: | |
|---|---|
| अन्य लेखक: | |
| स्वरूप: | पुस्तक |
| प्रकाशित: |
San José, C.R.
2000
|
| विषय: | |
| टैग: |
टैग जोड़ें
कोई टैग नहीं, इस रिकॉर्ड को टैग करने वाले पहले व्यक्ति बनें!
|
MARC
| LEADER | 00000nam a2200000Ia 4500 | ||
|---|---|---|---|
| 003 | 008491 | ||
| 005 | 20221231144209.0 | ||
| 008 | 140114s2000 cr a m 000 ||s d | ||
| 040 | |c cru CEDI | ||
| 090 | |a TFG 4139 | ||
| 100 | |a Chan Blanco, Jeylin |9 8192 | ||
| 245 | |a Guías prácticas de mejoramiento continuo para el desarrollo de la Farmacia de la Clínica Dr. Carlos Durán Cartín | ||
| 260 | |c 2000 |a San José, C.R. | ||
| 300 | |a xvi, 198 hojas | ||
| 500 | |a Tesis (licenciatura en ingeniería industrial)--Universidad de Costa Rica. Facultad de Ingeniería. Escuela de Ingeniería Industrial | ||
| 650 | |x CALIDAD DEL SERVICIO |x SATISFACCION DEL CLIENTE |x CONTROL DE CALIDAD |x SERVICIO AL CLIENTE |x CAMBIO ORGANIZACIONAL |x CONTROL DE PROCESOS |9 8194 | ||
| 700 | |9 8193 |a Flores Caravaca, Ronny Alberto | ||
| 942 | |c TFG | ||
| 999 | |c 18293 |d 18293 | ||
